MCU Trivia - Statistics

General Stats
  • This quiz has been taken 45 times
  • The average score is 17 of 51
Answer Stats
Project Question Answer % Correct
Captain America: Civil War Who killed Tony's parents? The Winter Soldier | Bucky
76%
The Incredible Hulk What actor plays The Hulk / Bruce Banner Edward Norton
71%
Thor: Ragnarok What eye does Thor lose? Right
71%
Avengers: Age of Ultron Who said the quote: "You didn't see that coming" Quicksilver | Pietro Maximoff
66%
Iron Man 2 What real life celebrity appears in this movie? Elon Musk
63%
Captain Marvel What animal made Nick Fury lose his eye? Cat
58%
Ant-Man and the Wasp: Quantumania How many actresses have played Cassie Lang up until this point? 3
53%
Spider-Man: No Way Home What character did not know Spider-Man's identity but got sent to this universe anyway? Electro
53%
Avengers: Endgame What is the name of Howard Stark's butler / driver Jarvis
53%
Secret Invasion Is this the worst MCU project to date? Yes
53%
Doctor Strange What made Stephen Strange lose his ability to work? Car Crash
50%
Loki What does the TVA use as paper weights? Infinity Stones
50%
Thor What is the name of the scientist that works with Jane Foster? Erik Selvig
47%
Spider-Man: Homecoming What does Ned tell the teacher he is doing in the computer lab? Watching Porn
47%
Echo How many episodes does this show have? 5
45%
Black Panther What rapper did the soundtrack for the movie? Kendrick Lamar
45%
Avengers: Infinity War Who is the first to dust? Winter Soldier | Bucky
45%
Doctor Strange in the Multiverse of Madness Who is the first member of the Illuminati that dies by Wanda? Black Bolt
39%
Guardians of the Galaxy Vol, 2 How did Ego kill Peter's Mother? Brain Tumor | Tumor
39%
Spider-Man: Far From Home What name is given to Spider-Man in Prague? Night Monkey
39%
Iron Man Who is the first named character to die? Yinsen | Ho Yinsen
39%
Thunderbolts* What spaceship appears at the end of the movie? Fantastic Four
37%
Deadpool & Wolverine Who does Channing Tatum play in this movie? Gambit
37%
The Guardians of the Galaxy Holiday Special What actor do they steal from Earth for Peter's Christmas gift? Kevin Bacon
34%
The Marvels What member of the X-Men appears in this movie? Beast
29%
Black Panther: Wakanda Forever What superhero debuts in this movie? Ironheart
29%
Thor: The Dark World What city does the final fight take place in? London
29%
The Avengers What collectible does Phil Coulson have of Captain America? Trading Cards
29%
Guardians of the Galaxy Vol, 3 Who does Peter visit at the end of the movie? Grandpa
26%
Thor: Love and Thunder What is Thor's daughter's name? Love
26%
Iron Man 3 Where is Harley from? Tennessee
26%
Captain America: The First Avenger What is the name of the special unit Captain America is a part of in the war? The Howling Commandos
26%
Shang-Chi and the Legend of the Ten Rings Who plays Katy? Awkwafina
24%
Ant-Man Who left Luis? His Wife | Wife
24%
She-Hulk: Attorney At Law Who is Bruce Banner's son? Skaar
24%
Ironheart What Iron Man villain's son appears in this show? Ironmonger | Obadiah Stane
21%
Daredevil: Born Again Who kills Foggy Nelson? Bullseye
18%
Ant-Man and the Wasp What is Jimmy Woo's role? FBI Agent
18%
The Fantastic Four: First Steps What is the name of the robot that lives in the Baxter Building? HERBIE
18%
The Falcon and the Winter Soldier What is the name of the super soldier who went unrecognized? Isaiah Bradley
18%
Eternals What voice does Black Knight hear off-screen? Blade
16%
Guardians of the Galaxy What planet does Star-Lord steal the orb from? Morag
16%
Captain America: The Winter Soldier Where does Nick Fury go after he was attacked? Steve's Apartment | Captain America's Apartment
16%
Captain America: Brave New World Who is the new Falcon? Joaquin Torres
13%
WandaVision Who does Evan Peters play in this show? Ralph Bohner
13%
Hawkeye What was written in the bathroom at the Musical? Thanos was right
13%
Black Widow What country does Natasha lie low in from the government after Civil War? Norway
8%
Agatha All Along What character does Joe Locke play? Wiccan
8%
Moon Knight What is the name of Steven's goldfish? Gus
5%
Wonder Man What prison does Trevor get sent to? The Raft
5%
Ms. Marvel What television series does Bruno appear in prior to Ms. Marvel? The Walking Dead
0%
No matching quizzes found
Score Distribution
Percent of People with Each Score
Percentile by Number Answered
Your Score History
You have not taken this quiz